Cultures de fruits et légumes en France - Statistiques

Statistiques générales
  • Ce quiz a été pris 830 fois
  • Le résultat moyen est 15 sur 26
Statistiques - réponses
Milliers de tonnes Réponse % Correct
1392 Pomme
98%
122 Poire
94%
602 Tomate
86%
53 Fraise
85%
332 Carotte
81%
106 Potiron
76%
263 Banane
73%
308 Salade
70%
130 Chou pommé
65%
127 Courgette
65%
255 Pêche
64%
32 Cerise
61%
163 Poireau
59%
137 Abricot
56%
276 Melon
53%
238 Oignon
49%
45 Raisin
49%
55 Prune
45%
55 Navet
41%
299 Chou-fleur
40%
51 Radis
38%
188 Endive
36%
30 Ananas
30%
35 Noix
29%
24 Haricot vert
26%
10 Petit pois
26%
Aucun quiz correspondant
Distribution des résultats
% des personnes avec chaque résultat
Percentile par nombre de réponses
Votre historique - résultats
Vous n’avez pas pris ce quiz